The guardian of the river

Bibliographic Details
Main Author: Kelembai
Format: Book
Published: P.Jaya : Eddiplex , 1995
Series:Warga rimba series
Subjects:

MARC

LEADER 00000cam a2200000 7i4500
001 0000006213
002 000006704
005 20000330.0
020 |a 9838801992 
090 0 0 |a JF   |b KEL 
100 0 |a Kelembai 
245 1 4 |a The guardian of the river   |c Story & illustration by Kelembai 
260 |a P.Jaya :   |b Eddiplex ,   |c 1995 
300 |a 24p. :   |b ill ;   |c 24cm. 
490 0 |a Warga rimba series 
650 0 0 |a Children's stories 
999 |a 038630   |b BUKU   |c JUNIOR FICTION   |e PERPUSTAKAAN KOMUNITI PETALING JAYA 
999 |a 038631   |b BUKU   |c PINJAMAN   |e PERPUSTAKAAN KOMUNITI PETALING JAYA 
999 |a 038632   |b BUKU   |c PINJAMAN   |e PERPUSTAKAAN KOMUNITI PETALING JAYA